| 000 | 00995cam a22002531a 4500 | ||
|---|---|---|---|
| 001 | ca 15000838 | ||
| 003 | DLC | ||
| 005 | 20260227111100.0 | ||
| 008 | 850212s1874 fr 000 0 fre | ||
| 010 | _aca 15000838 | ||
| 035 | _a(OCoLC)11683910 | ||
| 040 |
_aDLC _cVtU _dVtU _dDLC |
||
| 042 | _apremarc | ||
| 050 | 0 | 0 |
_aDC252 _b.L25 |
| 100 | 1 |
_aLanfrey, Pierre, _d1828-1877. |
|
| 245 | 1 | 0 |
_aÉtudes et portraits politiques / _cpar P. Lanfrey. |
| 250 | _a3e éd. | ||
| 260 |
_aParis : _bCharpentier, _c1874. |
||
| 300 |
_a384 p. ; _c18 cm. |
||
| 505 | 0 | _aL'histoire du condulat et de l'empire par m. Thiers -- Daunou --Carnot -- Armand Carrel -- M. Guizot -- M. Proudhon -- Du régime parlementaire sous Louis-Philippe -- Un dernier mot sur Carnot -- Paris en Amérique par m. E. Laboulaye. | |
| 651 | 0 |
_aFrance _xPolitics and government. |
|
| 600 | 1 | 0 |
_aThiers, Adolphe, _d1797-1877. _tL'histoire du consulat et de l'empire. |
| 600 | 1 | 0 |
_aLaboulaye, Edouard, _d1811-1883. _tParis en Amérique. |
| 999 |
_c14821 _d14821 |
||